Statistics for 2050年推計人口増加の市町村

Click here to take the quiz!

General Stats

  • This quiz has been taken 57 times
  • The average score is 24 of 56

Answer Stats

都道府県市町村増加数% Correct
福岡県福岡市10,173
95%
神奈川県川崎市67,269
95%
千葉県船橋市8,696
87%
埼玉県さいたま市15,450
82%
千葉県柏市9,011
82%
埼玉県川口市5,393
79%
千葉県流山市41,690
77%
茨城県つくば市14,468
74%
東京都武蔵野市8,772
74%
東京都調布市10,745
72%
東京都西東京市5,535
72%
東京都狛江市3,925
64%
東京都三鷹市7,008
64%
埼玉県朝霞市5,880
62%
東京都国分寺市1,161
62%
埼玉県和光市344
62%
滋賀県草津市629
56%
東京都小金井市2,870
54%
埼玉県戸田市9,861
54%
千葉県印西市17,210
51%
茨城県つくばみらい市6,504
49%
埼玉県志木市1,265
49%
埼玉県八潮市8,713
46%
茨城県守谷市7,782
46%
沖縄県南城市833
46%
沖縄県豊見城市1,174
46%
滋賀県守山市1,823
44%
埼玉県吉川市4,893
41%
愛知県長久手市4,407
38%
東京都稲城市8,040
38%
福岡県粕屋町4,500
36%
福岡県福津市5,593
33%
沖縄県南風原町815
33%
熊本県菊陽町3,054
33%
福岡県志免町1,282
33%
沖縄県中城村3,945
31%
沖縄県北中城村300
31%
福岡県新宮町879
28%
熊本県合志市453
26%
熊本県大津町1,452
26%
愛知県日進市535
26%
福岡県須恵町355
23%
愛知県大府市884
21%
福岡県久山町644
21%
沖縄県恩納村380
21%
京都府木津川市1,491
18%
群馬県吉岡町372
15%
沖縄県八重瀬町3,399
15%
神奈川県開成町461
15%
沖縄県与那原町1,809
15%
山梨県昭和町1,138
15%
長野県南箕輪村85
13%
沖縄県宜野座村471
13%
埼玉県滑川町2,172
10%
愛知県常滑市382
10%
東京都御蔵島村4
10%

Score Distribution

Percentile by Number Answered

Percent of People with Each Score

Your Score History

You have not taken this quiz